Prontuario legislativo agrícola / (Record no. 124098)

MARC details
000 -LEADER
campo de control de longitud fija 00537nam a2200169 4500
001 - NÚMERO DE CONTROL
campo de control 124098
003 - IDENTIFICADOR DE NÚMERO DE CONTROL
campo de control ES-MaACL
005 - FECHA Y HORA DE LA ÚLTIMA TRANSACCIÓN
campo de control 20230906192324.0
007 - CAMPO FIJO DE DESCRIPCIÓN FÍSICA--INFORMACIÓN GENERAL
campo de control de longitud fija t|
008 - DATOS DE LONGITUD FIJA--INFORMACIÓN GENERAL
campo de control de longitud fija 070214s1925 sp r ||||1| spa d
100 1# - ENTRADA PRINCIPAL--NOMBRE DE PERSONA
Nombre de persona Rapallo y Orts, Ángel.
9 (RLIN) 95448
245 10 - MENCIÓN DEL TÍTULO
Título Prontuario legislativo agrícola /
Mención de responsabilidad, etc. por Angel Rapallo y Orts ; precedido de un prólogo de Emilio Vellando Visent.
260 ## - PUBLICACIÓN, DISTRIBUCIÓN, ETC.
Lugar de publicación, distribución, etc. Madrid :
Nombre del editor, distribuidor, etc. Góngora,
Fecha de publicación, distribución, etc. 1925.
300 ## - DESCRIPCIÓN FÍSICA
Extensión 654 p. ;
Dimensiones 18 cm.
700 1# - ENTRADA AGREGADA--NOMBRE PERSONAL
Nombre de persona Vellando, Emilio.
9 (RLIN) 113851
852 ## - LOCALIZACIÓN
Ubicación ES-MaACL
Número de control de estantería B-8418
Sublocalización o colección R.19629
Holdings
Estatus retirado Estado de pérdida Estado de daño No para préstamo Biblioteca de origen Biblioteca actual Ubicación en estantería Fecha de adquisición Fuente de adquisición Total de préstamos Signatura topográfica completa Código de barras Visto por última vez Precio de reemplazo Tipo de ítem Koha
        Biblioteca del Ateneo de Madrid Biblioteca del Ateneo de Madrid Sala Pardo Bazán 17/01/2008     B-8418 1129286 23/02/2023 23/02/2023 Libro impreso